| 000 | 00893nam a2200229Ia 4500 | ||
|---|---|---|---|
| 999 |
_c37619 _d37619 |
||
| 001 | 3591 | ||
| 003 | GE_BSU | ||
| 005 | 20190627161107.0 | ||
| 008 | 181216s2004||||ge |||||||||||||| ||geo|| | ||
| 020 | _a9992849223 | ||
| 040 | _cGE_BSU | ||
| 041 | _ageo | ||
| 080 | _a94(479.223) ქ–56 | ||
| 100 |
_aქიქავა, ნინო _93002 |
||
| 245 |
_aსაქართველოს დიდი შემოქმედი ჯემალ ქიქავა 1896–1937 / _cრედ. ო. გოგოლიშვილი. |
||
| 264 |
_aბათუმი : _b"იურიდიული ლიტერატურა", _c2004. |
||
| 300 |
_a310 გვ. ; _b20 სმ. |
||
| 600 |
_aჯემალ ქიქავა _93003 |
||
| 653 | _aისტორია | ||
| 700 |
_aგოგოლიშვილი, ოთარ _eრედაქტორი _9930 |
||
| 942 |
_cBK _2udc |
||